=LDR 00000nam 2200000 4500 =001 INLIS000000000035072 =005 20130612140945 =008 ***********************************Ind** =035 ##$$0010-061300000035072 =041 ##$$a Ind =082 ##$$a 658.3 =090 ##$$a 658.3, Fat m =100 ##$$a Fathoni, Abdurrahmat =245 ##$$a Manajemen sumber daya manusia, Abdurrahmat Fathoni =260 ##$$a 2006 $b Jakarta =300 ##$$a ix, 139 hlm, 22 cm =650 ##$$a Manajemen SDM =850 ##$$a NBPNMAT